Insurgente (Record no. 46303)

MARC details
000 -Etiqueta do registo
Valores 00775nam a2200253 4500
010 ## - Número ISBN
ISBN 9789720043825
021 ## - Número do Depósito Legal
Número 356421/13
100 ## - Dados gerais de processamento
Dados gerais 20141222e20142013m y0pory50030103ba
101 1# - Língua de publicação
Língua por
102 ## - País de publicação
País PT
200 1# - Titulo e menção de responsabilidade
Título próprio Insurgente
Primeira menção de responsabilidade Veronica Roth
Outras menções de responsabilidade trad. Pedro Garcia Rosado
205 ## - Menção da edição
Edição 1.ª ed.
Outras menções de edição Reimp.
210 #9 - Publicação
Local de publicação Porto
Nome do editor Porto Editora,
Data de publicação 2014
215 ## - Descrição física 
Paginação / Volumes 374, [2] p.
Dimensões 24 cm
304 ## - Nota relativa ao título
Texto de nota Tít. orig.: Insurgent
675 ## - CDU
Notação 821.111(73)-312.9"20"
Edição BN
Língua por
675 ## - CDU
Notação 821.111(73)-93"20"
Edição BN
Língua por
700 #1 - Autor principal
Apelido Roth,
Nome Veronica,
Datas 1988-
702 #1 - Autor secundário
Apelido Rosado,
Nome Pedro Garcia,
Datas 1955-
Função 730
801 #0 - Fonte de origem
País PT
Agência BN
Regras de catalogação RPC
856 41 - Localização e acesso electrónico 
URL <a href="http://rnod.bnportugal.gov.pt/ImagesBN/winlibimg.aspx?skey=&doc=1891593&img=53865&save=true">http://rnod.bnportugal.gov.pt/ImagesBN/winlibimg.aspx?skey=&doc=1891593&img=53865&save=true</a>
990 ## - Elementos KOHA
Tipo de documento Livro
Holdings
Aquisição Empréstimo Código de barras Cota Permissão de empréstimo Tipo de documento Nota relativa ao exemplar
Biblioteca Municipal de Redondo Biblioteca Municipal de Redondo 057418 821.111(73)-3 ROT   Livro oferta de Franklim Amaro Cabreirinha

Powered by Koha